000 00521nam a22001817a 4500
003 BUBTL
008 160804b xxu||||| |||| 00| 0 eng d
020 _a978-93-5134-286-1
082 _a005.7585 / P9311o
100 _9745
_aPrice,Jason
245 _aOracle Database 12c SQL /
_cJason Price
260 _aNew Delhi :
_bMcGraw Hill Education,
_cc2014.
300 _axxiv,660 p. :
_c24 cm.
650 0 _9457
_aComputer Science
856 _k0
_l0
_yDownload
942 _2ddc
_cBK
999 _c5310
_d5310